Community mental health, Erich Lindemann, and social conscience in American psychiatry / (Record no. 99833)

MARC details
000 -LEADER
fixed length control field 02571nam a22003017a 4500
003 - CONTROL NUMBER IDENTIFIER
control field URS
005 - DATE AND TIME OF LATEST TRANSACTION
control field 20260415143159.0
008 - FIXED-LENGTH DATA ELEMENTS--GENERAL INFORMATION
fixed length control field 260415b |||||||| |||| 00| 0 eng d
020 ## - INTERNATIONAL STANDARD BOOK NUMBER
Cancelled/invalid ISBN 9780367354343
040 ## - CATALOGING SOURCE
Language of cataloging English
Description conventions rda
Transcribing agency URS
050 00 - LIBRARY OF CONGRESS CALL NUMBER
Classification number RC455
Item number .Sa831 2021
100 1# - MAIN ENTRY--PERSONAL NAME
Personal name Satin, David G.,
Relator term author.
245 10 - TITLE STATEMENT
Title Community mental health, Erich Lindemann, and social conscience in American psychiatry /
Statement of responsibility, etc David G. Satin.
264 #1 - PUBLICATION, DISTRIBUTION, ETC. (IMPRINT)
Place of publication, distribution, etc New York :
Name of publisher, distributor, etc Routledge,
Date of publication, distribution, etc 2021.
300 ## - PHYSICAL DESCRIPTION
Extent xix, 340pages ;
Dimensions 20 cm.
336 ## - CONTENT TYPE
Content type term text
Content type code txt
Source rdacontent
337 ## - MEDIA TYPE
Media type term computer
Media type code c
Source rdamedia
338 ## - CARRIER TYPE
Carrier type term online resource
Carrier type code cr
Source rdacarrier
504 ## - BIBLIOGRAPHY, ETC. NOTE
Bibliography, etc Includes bibliographical references and indexes.
505 0# - FORMATTED CONTENTS NOTE
Formatted contents note v. 1. The Sources and development of social and community psychiatry -- v. 2. The challenge of community mental health and Erich Lindemann -- v. 3. The eclipse of community mental health and Erich Lindemann.
520 ## - SUMMARY, ETC.
Summary, etc "These volumes make new contributions to the history of psychiatry and society in three ways: First, they propose a theory of values and ideology influencing the evolution of psychiatry and society in recurring cycles, and survey the history of psychiatry in recent centuries in light of this theory. Second, they review the waxing, prominence, and waning of Community Mental Health as an example of a segment of this cyclical history of psychiatry. Third, they provide the first biography of Erich Lindemann, one of the founders of social and community psychiatry, and explore the interaction of the prominent contributor with the historical environment and the influence this has on both. We return to the issue of values and ideologies as influences on psychiatry, whether or not it is accepted as professionally proper. This is intended to stimulate self-reflection and the acceptance of the values sources of ideology, their effect on professional practice, and the effect of values-based ideology on the community in which psychiatry practices. The books will be of interest to psychiatric teachers and practitioners, health planners, and socially responsible citizens"--
Assigning source Provided by publisher.
588 ## - SOURCE OF DESCRIPTION NOTE
Source of description note Description based on print version record and CIP data provided by publisher.
650 #0 - SUBJECT ADDED ENTRY--TOPICAL TERM
Topical term or geographic name as entry element Social psychiatry.
650 #0 - SUBJECT ADDED ENTRY--TOPICAL TERM
Topical term or geographic name as entry element Community psychiatry.
650 #0 - SUBJECT ADDED ENTRY--TOPICAL TERM
Topical term or geographic name as entry element Mental health services.
776 08 - ADDITIONAL PHYSICAL FORM ENTRY
Display text Print version:
Main entry heading Satin, David G., 1933-
Title Community mental health, Erich Lindemann, and social conscience in American psychiatry
Place, publisher, and date of publication New York, NY : Routledge, 2021
International Standard Book Number 9780367354336
Record control number (DLC) 2020026022
942 ## - ADDED ENTRY ELEMENTS (KOHA)
Source of classification or shelving scheme Library of Congress Classification
Koha item type Reserved Books
Holdings
Withdrawn status Lost status Source of classification or shelving scheme Damaged status Not for loan Collection code Home library Current library Shelving location Date acquired Source of acquisition Cost, normal purchase price Total Checkouts Full call number Barcode Date last seen Copy number Cost, replacement price Price effective from Koha item type
    Library of Congress Classification     Non-fiction Taytay College Library Taytay College Library Medicine Collection 04/15/2026 Purchased 5220.00   RC455 .Sa831 2021 URSTAY-6109 04/15/2026 1 5220.00 04/15/2026 Reserved Books

University of Rizal System
Email us at univlibservices@urs.edu.ph

Visit our Website www.urs.edu.ph/library